000
00341 a2200145 4500
003
OSt
005
20211229155356.0
008
211229b |||||||| |||| 00| 0 eng d
020
_a
9780141439563
040
_c
HU
100
_a
DAVID TROTTER
_9
26167
245
_a
CHARLES DICKENS GREAT EXPECTATIOONS
300
_a
514
942
_2
ddc
_c
BOOKS
_n
0
999
_c
25096
_d
25096